000 00759nmc a2200289 a 4500
003 AR-BaBNM
005 20251128211258.0
008 153120s2003 ||||||||||||||000 | spa||
020 _a950-07-2302-6
040 _cAR-BaBNM
100 1 _aPérez Sabbi, Mercedes
245 1 0 _aCarmela y Valentín
260 _aBuenos Aires
_bSudamericana
_c2003
300 0 _a32 p.
_bil.
490 0 _aCuentos de 4 colores
500 0 _aEdad sugerida a partir de 4 años
650 4 _aLITERATURA ARGENTINA
650 4 _aCUENTOS
650 4 _aLITERATURA INFANTIL
650 4 _aLIBROS PARA NINOS
650 4 _aCUENTOS DE ANIMALES
655 _aLITERATURA
700 1 _aBarreiro, Sebastián
_eilustrador
800 0 _aCanela
942 _cBK
998 _cmartin
999 _c18976
_d18976